Migration theory talking across disciplines
Salvato in:
| Altri autori: | , |
|---|---|
| Natura: | Libro |
| Lingua: | inglese |
| Pubblicazione: |
New York
Routledge/Taylor & Francis Group
2008
|
| Edizione: | 2nd ed. |
| Soggetti: | |
| Tags: |
Nessun Tag, puoi essere il primo ad aggiungerne!!
|
MARC
| LEADER | 00000nam a2200000 4500 | ||
|---|---|---|---|
| 001 | 0184966 | ||
| 005 | 20221207101203.1 | ||
| 020 | |a 978-0-415-95427-3 | ||
| 020 | |a 978-0-415-95426-6 | ||
| 041 | 0 | |a eng | |
| 044 | |a US | ||
| 245 | 1 | 0 | |a Migration theory |b talking across disciplines |c edited by Caroline B. Brettell, James F. Hollifield |
| 250 | |a 2nd ed. | ||
| 264 | 1 | |a New York |b Routledge/Taylor & Francis Group |c 2008 | |
| 300 | |a viii, 296 s. | ||
| 610 | 2 | 0 | |a migrácia |
| 610 | 2 | 0 | |a imigrácia |
| 610 | 2 | 0 | |a emigrácia |
| 610 | 2 | 0 | |a demografia |
| 700 | 1 | |a Brettell, Caroline B. | |
| 700 | 1 | |a Hollifield, James F. | |